000 00324nam a2200133Ia 4500
008 231129s1967||||xx |||||||||||||| ||spa||
040 _bspa
082 _a572.22 W473e
100 _aWendt Herbert
245 0 _aEmpezo en Babel : El descubrimiento de los pueblos
260 _c1967
264 _aNoguer
942 _2ddc
_cBKS
999 _c12816
_d12816